[Event "TUR-chT2"]
[Site "Konya"]
[Date "2015.07.28"]
[Round "6.7"]
[White "Karaokcu, Erkin"]
[Black "Arslan, Erdal"]
[Result "1/2-1/2"]
[WhiteElo "2097"]
[BlackElo "1986"]
[PlyCount "43"]
[EventDate "2015.07.25"]
[EventType "team-swiss"]
[EventRounds "9"]
[EventCountry "TUR"]
[SourceTitle "CBM 167 Extra"]
[Source "ChessBase"]
[SourceDate "2015.09.14"]
[SourceVersion "1"]
[SourceVersionDate "2015.09.14"]
[SourceQuality "1"]
[WhiteTeam "Ankara Odtu"]
[BlackTeam "Hatay Samandag"]
[WhiteTeamCountry "TUR"]
[BlackTeamCountry "TUR"]

1. d4 c5 2. d5 Nf6 3. Bg5 Ne4 4. Bf4 Qb6 5. Nd2 Nxd2 6. Bxd2 Qxb2 7. Nf3 Na6 8. a3 g6 9. e4 Bg7 10. e5 0-0 11. Rb1 Qxa3 12. Ra1 Qb2 13. Bc4 Nb4 14. Bb3 d6 15. Rb1 Qa3 16. Ra1 Qb2 17. Rb1 Qa3 18. Ra1 Qb2 19. Rb1 Qa3 20. Ra1 Qb2 21. Rb1 Qa3 22. Ra1 1/2-1/2

[Event "Manavgat Turkey Cup"]
[Site "Manavgat"]
[Date "2015.02.05"]
[Round "9"]
[White "Akyuz, Murat"]
[Black "Arslan, Erdal"]
[Result "0-1"]
[WhiteElo "1902"]
[BlackElo "1974"]
[PlyCount "70"]
[EventDate "2015.01.31"]
[EventType "swiss"]
[EventRounds "11"]
[EventCountry "TUR"]
[SourceTitle "CBM 164 Extra"]
[Source "ChessBase"]
[SourceDate "2015.03.02"]
[SourceVersion "1"]
[SourceVersionDate "2015.03.02"]
[SourceQuality "1"]

1. d4 Nf6 2. c4 c5 3. d5 b5 4. cxb5 a6 5. bxa6 Bxa6 6. Nc3 d6 7. e4 Bxf1 8. Kxf1 g6 9. g3 Bg7 10. Kg2 0-0 11. Nf3 Nbd7 12. h3 Qa5 13. Bd2 Nb6 14. Qe2 Rfb8 15. e5 dxe5 16. Nxe5 Qa6 17. Qf3 Nc4 18. Nxc4 Qxc4 19. b3 Qa6 20. Rhe1 Rb7 21. Na4 Qd6 22. Rac1 Nxd5 23. Rxc5 e6 24. Rec1 h5 25. Rc8+ Rxc8 26. Rxc8+ Kh7 27. Nc3 Qd7 28. Rc5 Nb4 29. Ne4 Nd3 30. Ra5 Rb8 31. Nf6+ Bxf6 32. Qxf6 e5 33. Be3 Qb7+ 34. Kg1 Ne1 35. Ra7 Qg2# 0-1